Crisis of External Dependence (Record no. 9896)

MARC details
000 -LEADER
fixed length control field 00576nam a2200241 a 4500
020 ## - INTERNATIONAL STANDARD BOOK NUMBER
ISBN 0862322
082 00 - DEWEY DECIMAL CLASSIFICATION NUMBER
Classification number 954.92
Author Cutter SOB
100 ## - MAIN ENTRY--AUTHOR NAME
Author name Sobhan, Rehman
245 ## - TITLE STATEMENT
Title Crisis of External Dependence
260 ## - PUBLICATION, DISTRIBUTION, ETC. (IMPRINT)
Place of publication New Jersey
Name of publisher Zed Books
Year of publication 1982
300 ## - PHYSICAL DESCRIPTION
Number of Pages 252p
500 ## - GENERAL NOTE
General note includes index and biblioraphy
505 2# - FORMATTED CONTENTS NOTE
Formatted contents note Index
650 ## - SUBJECT ADDED ENTRY--TOPICAL TERM
Topical Term Bangladesh
942 ## - ADDED ENTRY ELEMENTS (KOHA)
Koha item type Books
700 1# -
-- Sobhan, Rehman
Holdings
Collection code Home library Current library Date acquired Cost, normal purchase price Full call number Accession Number Koha item type
  Henry Martyn Institute Library Henry Martyn Institute Library 04/12/2007 49.00 954.92 SOB 016610 Books
                   Copyright © 2026 | Henry Martyn Institute | Hyderabad | TS-500052 | INDIA | Implemented by hmi.edu.in
Hit-Count:

Powered by Koha